OPAC Home

නව කවි විමසුම (Record no. 75497)

MARC details
000 -LEADER
fixed length control field 00454nam a2200169Ia 4500
008 - FIXED-LENGTH DATA ELEMENTS--GENERAL INFORMATION
fixed length control field 121204t1977 xxu||||| |||| 00| 0 sin d
041 ## - LANGUAGE CODE
Language code of text/sound track or separate title Sinhala; Sinhalese
080 ## - UNIVERSAL DECIMAL CLASSIFICATION NUMBER
Universal Decimal Classification number 8S-1 .09
Item number RUV
942 ## - ADDED ENTRY ELEMENTS (KOHA)
Koha item type Books
003 - CONTROL NUMBER IDENTIFIER
control field LK-CoDNM
040 ## - CATALOGING SOURCE
Original cataloging agency LK-CoDNM
Modifying agency LK-CoDNM
Description conventions LK-CoDNM
100 ## - MAIN ENTRY--PERSONAL NAME
Personal name Monika Ruvanpathirana
245 ## - TITLE STATEMENT
Title නව කවි විමසුම
246 ## - VARYING FORM OF TITLE
Title proper/short title Nava Kavi Vimasuma
260 ## - PUBLICATION, DISTRIBUTION, ETC. (IMPRINT)
Name of publisher, distributor, etc. Pradeepa Prakashakayo
Place of publication, distribution, etc. Colombo 12
Date of publication, distribution, etc. 1977
300 ## - PHYSICAL DESCRIPTION
Other physical details 159p., 18 cm
Holdings
Withdrawn status Lost status Damaged status Not for loan Collection code Permanent Location Current Location Date acquired Full call number Barcode Koha item type
        Poems Library National Museum Colombo - Sri Lanka Library National Museum Colombo - Sri Lanka 2012-12-04 8S-1 .09 RUV 116683 Books
Copyright © 2023 Department of National Museum, Colombo 07, Sri Lanka Funded by UNESCO IFAP UNESCO